DUMAN- Kufi Şarkı Sözleri - Statistics

General Stats
  • This quiz has been taken 58 times
  • The average score is 32 of 59
Answer Stats
Şarkı Sözü % Correct
Kafada
100%
Kufi
100%
Elleri
90%
Havada
90%
Şeker
90%
Abi
86%
Abi
86%
Aynada
84%
Bu
84%
Bu
84%
Bu
84%
Ezer
84%
Ayran
82%
Gibi
82%
Kafası
82%
Aynı
80%
Leziz
80%
Saraya
80%
Temiz
80%
Yürüyorlar
78%
Ben
69%
Gezegene
69%
Masmavi
59%
Gökyüzü
57%
Daha
55%
Daha
55%
Daha
55%
İyi
53%
İyi
53%
İyi
53%
İnemedim
51%
Yıldızlar
51%
Çok
47%
Çok
47%
Yine
47%
Şeytani
45%
Şeytani
45%
Kurtlar
41%
Kuzular
35%
Cahil
33%
Deviremedik
31%
Biz
29%
Hain
29%
Padişahı
29%
Atlar
27%
Eşekler
27%
Üsküdar
27%
Aktörleri
24%
Geçemedik
24%
Kallavi
24%
Gelemedik
22%
Kuşlar
22%
Enayi
20%
Kafalara
20%
Kargaları
20%
Kovamadık
20%
Aktroller
18%
Gösteri
18%
Korkuluk
16%
No matching quizzes found
Score Distribution
Percent of People with Each Score
Percentile by Number Answered
Your Score History
You have not taken this quiz